LEADER 01251nam a2200313 u 4500 001 000000038349 003 CaOOAMICUS 005 20070226113852.0 008 980422s1970 it u000 u ita u 035 $a10791718 040 $aPUL(R)$bita 100 1 $aGrevi, Vittorio.$0(OLS)http://pul/name/15770 245 10$aImputato minorenne e impugnazione del genitore /$cVittorio Grevi. 260 $aMilano :$bA. Giuffrè,$c1970. 300 $a376 p. ;$c25 cm 490 1 $aStudi di diritto processuale penale ;$v25 500 $aContiene indici. 504 $aBibliografia in nota. 650 4$aDiritto penale.$0(OLS)http://pul/subject/1808 650 4$aProcedura penale.$0(OLS)http://pul/subject/9185 830 0$aStudi di diritto processuale penale ;$v25.$0(OLS)http://pul/title/52092 850 $aPUL 852 $aPUL$W1$xSL Diritto e Scienze Sociali 1$y4$m178 E 60$j52267$nBK-PRI$b $qStampati$B52267$CPULBib$Z2$F52267 $H $81 941 1 $a8 960 $aPena (diritto)$91808 960 $aPena (diritto)$91808 961 $aINV: 50870. 996 $6245$aImputato minorenne e impugnazione del genitore$9(OLS)http://pul/title/52103 996 $6260$aMilano :$bA. Giuffrè$9(OLS)http://pul/publisher/48096 LEADER 00988nam a2200265 a 4500 001 000000147755 003 CaOOAMICUS 005 20151127123059.0 008 151127s1965 fr u000 u fre r 032 $aLibriCat 040 $aPUL$bita 245 03$aLa mort et l'homme du XXe siècle. 260 $aParis :$bSpes,$c1965. 300 $a236 p. ;$c20 cm. 490 1 $aConvergences 500 $aIn testa al front.: Groupe lyonnais d'études médicales philosophiques et biologiques. 500 $aComprende indici. 650 4$aMorte$xAspetti filosofici.$0(OLS)http://pul/subject/38679 830 0$aConvergences.$0(OLS)http://pul/title/47989 850 $aPUL 852 $aPUL$W1$xDP1 Fondo Bordoni$y120$m2 B 55$j156772$qFondi$B171554$CPULBib$Z2$F171554 $HBor1197 $81 941 1 $a1 996 $6245$aLa mort et l'homme du XXe siècle$9(OLS)http://pul/title/186448 996 $6260$aParis :$bSpes$9(OLS)http://pul/publisher/58301